| 000 -LEADER |
| fixed length control field |
00635nam a22001337a 4500 |
| 040 ## - CATALOGING SOURCE |
| Transcribing agency |
RUA |
| 082 ## - DEWEY DECIMAL CLASSIFICATION NUMBER |
| Classification number |
VEM TEN 2015 B525 Or.1 |
| 100 ## - MAIN ENTRY--AUTHOR NAME |
| Personal name |
TENG DARA; តេង តារា |
| 245 ## - TITLE STATEMENT |
| Title |
Survey on native chickens diseases in doung som arth farm at dangkor district, phnom penh; អង្កេតជំងឺដែលជួបប្រទះចំពោះមាន់ស្រុកនៅកសិដ្ឋាន ឌួង សំអាត នៅខណ្ឌដង្កោ រាជធានីភ្នំពេញ |
| 260 ## - PUBLICATION, DISTRIBUTION, ETC. (IMPRINT) |
| Place of publication |
Phnom Penh |
| Name of publisher |
RUA |
| Year of publication |
2015 |
| 300 ## - PHYSICAL DESCRIPTION |
| Number of Pages |
viii; 38p; |
| Other physical details |
ill; |
| Dimensions |
29cm; |
| 856 ## - ELECTRONIC LOCATION AND ACCESS |
| Uniform Resource Identifier |
TENG DARA |
| 942 ## - ADDED ENTRY ELEMENTS (KOHA) |
| Koha item type |
VEM |
| 952 ## - LOCATION AND ITEM INFORMATION (KOHA) |
| Withdrawn status [LOCAL, KOHA] |
0 |
| 952 ## - LOCATION AND ITEM INFORMATION (KOHA) |
| Withdrawn status [LOCAL, KOHA] |
0 |
| 952 ## - LOCATION AND ITEM INFORMATION (KOHA) |
| Withdrawn status [LOCAL, KOHA] |
0 |
| 952 ## - LOCATION AND ITEM INFORMATION (KOHA) |
| Withdrawn status [LOCAL, KOHA] |
0 |
| 952 ## - LOCATION AND ITEM INFORMATION (KOHA) |
| Withdrawn status [LOCAL, KOHA] |
0 |
| 952 ## - LOCATION AND ITEM INFORMATION (KOHA) |
| Withdrawn status [LOCAL, KOHA] |
0 |
| 952 ## - LOCATION AND ITEM INFORMATION (KOHA) |
| Withdrawn status [LOCAL, KOHA] |
0 |
| 952 ## - LOCATION AND ITEM INFORMATION (KOHA) |
| Withdrawn status [LOCAL, KOHA] |
0 |